Statystyki dla Czy znasz TOP 10 europejskich drużyn wg tytułów w Europie?

Kliknij tutaj aby rozwiązać quiz!

Ogólne statystyki

  • Ten quiz został rozwiązany 269 razy
  • Średni wynik to 9 z 10

Statystyki odpowiedzi

Miejsce oraz Liczba tytułówKlub% Poprawnych
1. 15Real Madryt
100%
2. 12FC Barcelona
98%
5. 7Bayern Monachium
94%
9. 5Manchester United
91%
3. 9AC Milan
90%
4. 9Liverpool
89%
8. 6Juventus
87%
7. 6Inter Mediolan
79%
10. 5Chelsea
78%
6. 6Ajax Amsterdam
55%

Rozkład punktacji

Percentyl według liczby udzielonych odpowiedzi

Procent ludzi z każdym wynikiem

Twoja historia wyników

Nie rozwiązałeś tego quizu